[Event "Rapid Tournament (RAP)"]
[Site "Biel, CH"]
[Date "2025.07.13"]
[Round "7"]
[White "Schmied, Stefan"]
[Black "Berger, Vincent"]
[Result "0-1"]
[Board "36"]
[WhiteFideId "1335804"]
[BlackFideId "1317822"]
[WhiteElo "1798"]
[BlackElo "2002"]
[WhiteTeam "SUI"]
[BlackTeam "SUI"]
[WhiteClock "0:00:44"]
[BlackClock "0:04:05"]
[Variant "Standard"]

1. b3 {[%clk 0:15:02]}  d5 {[%clk 0:15:04]} 2. Bb2 {[%clk 0:15:05]}  Nf6 {[%clk 0:15:07]} 3. e3 {[%clk 0:15:09]}  Bf5 {[%clk 0:15:10]} 4. Nf3 {[%clk 0:15:02]}  e6 {[%clk 0:15:11]} 5. d4 {[%clk 0:15:02]}  h6 {[%clk 0:15:09]} 6. Be2 {[%clk 0:14:21]}  Bd6 {[%clk 0:14:41]} 7. O-O {[%clk 0:14:55]}  O-O {[%clk 0:14:37]} 8. Nbd2 {[%clk 0:14:50]}  Qe7 {[%clk 0:13:59]} 9. c4 {[%clk 0:14:40]}  c6 {[%clk 0:12:22]} 10. c5 {[%clk 0:13:25]}  Bc7 {[%clk 0:12:25]} 11. b4 {[%clk 0:13:13]}  Nbd7 {[%clk 0:12:09]} 12. Qb3 {[%clk 0:13:00]}  e5 {[%clk 0:11:27]} 13. dxe5 {[%clk 0:12:12]}  Nxe5 {[%clk 0:11:30]} 14. Nxe5 {[%clk 0:10:00]}  Bxe5 {[%clk 0:11:32]} 15. Nf3 {[%clk 0:09:56]}  Bxb2 {[%clk 0:11:10]} 16. Qxb2 {[%clk 0:09:59]}  Rfe8 {[%clk 0:10:45]} 17. Rfe1 {[%clk 0:09:29]}  Rad8 {[%clk 0:09:30]} 18. Rad1 {[%clk 0:09:31]}  Ne4 {[%clk 0:07:59]} 19. Bd3 {[%clk 0:08:27]}  Bg4 {[%clk 0:07:30]} 20. Bxe4 {[%clk 0:03:53]}  dxe4 {[%clk 0:06:22]} 21. h3 {[%clk 0:03:46]}  Rxd1 {[%clk 0:05:18]} 22. Rxd1 {[%clk 0:03:48]}  Bh5 {[%clk 0:05:17]} 23. g4 {[%clk 0:03:44]}  exf3 {[%clk 0:05:03]} 24. Rd6 {[%clk 0:01:27]}  Bg6 {[%clk 0:04:54]} 25. Qb3 {[%clk 0:00:44]}  Qh4 {[%clk 0:04:05]} 0-1

[Event "Rapid Tournament (RAP)"]
[Site "Biel, CH"]
[Date "2025.07.13"]
[Round "7"]
[White "Doxarve, Nils"]
[Black "Grzeskowiak, Antoni"]
[Result "0-1"]
[Board "37"]
[WhiteFideId "1340000"]
[BlackFideId "41855531"]
[WhiteElo "1990"]
[BlackElo "1801"]
[WhiteTeam "SUI"]
[BlackTeam "POL"]
[WhiteClock "0:00:06"]
[BlackClock "0:07:27"]
[Variant "Standard"]

1. e4 {[%clk 0:15:07]}  d6 {[%clk 0:15:09]} 2. d4 {[%clk 0:15:09]}  Nf6 {[%clk 0:15:13]} 3. Nc3 {[%clk 0:15:13]}  g6 {[%clk 0:15:17]} 4. f4 {[%clk 0:14:42]}  Bg7 {[%clk 0:15:20]} 5. Nf3 {[%clk 0:14:43]}  c5 {[%clk 0:15:23]} 6. Be2 {[%clk 0:14:28]}  cxd4 {[%clk 0:15:09]} 7. Nxd4 {[%clk 0:14:28]}  O-O {[%clk 0:15:10]} 8. Be3 {[%clk 0:14:09]}  Nc6 {[%clk 0:15:08]} 9. Nb3 {[%clk 0:11:16]}  a5 {[%clk 0:14:54]} 10. O-O {[%clk 0:10:56]}  a4 {[%clk 0:14:46]} 11. Nd2 {[%clk 0:11:00]}  a3 {[%clk 0:14:24]} 12. Qc1 {[%clk 0:07:59]}  axb2 {[%clk 0:14:07]} 13. Qxb2 {[%clk 0:08:03]}  Ng4 {[%clk 0:12:51]} 14. Bxg4 {[%clk 0:07:31]}  Bxg4 {[%clk 0:12:54]} 15. Rab1 {[%clk 0:07:35]}  Be2 {[%clk 0:12:32]} 16. Rfe1 {[%clk 0:07:29]}  Ba6 {[%clk 0:12:35]} 17. Qb3 {[%clk 0:05:13]}  Nd4 {[%clk 0:12:21]} 18. Qb2 {[%clk 0:04:52]}  Rc8 {[%clk 0:12:19]} 19. Kh1 {[%clk 0:04:17]}  Nxc2 {[%clk 0:12:00]} 20. Qxc2 {[%clk 0:04:03]}  Rxc3 {[%clk 0:11:58]} 21. Qa4 {[%clk 0:03:49]}  Qc8 {[%clk 0:11:56]} 22. Nb3 {[%clk 0:03:28]}  Rc4 {[%clk 0:11:15]} 23. Qa5 {[%clk 0:03:00]}  Bc3 {[%clk 0:11:16]} 24. Qb6 {[%clk 0:02:58]}  Bxe1 {[%clk 0:11:08]} 25. Rxe1 {[%clk 0:03:03]}  Rxe4 {[%clk 0:11:03]} 26. Nd2 {[%clk 0:02:47]}  Re6 {[%clk 0:10:42]} 27. Nf3 {[%clk 0:02:33]}  Qc3 {[%clk 0:10:24]} 28. h3 {[%clk 0:01:09]}  d5 {[%clk 0:10:16]} 29. Qa7 {[%clk 0:00:40]}  Bc4 {[%clk 0:09:47]} 30. Bd2 {[%clk 0:00:26]}  Rxe1+ {[%clk 0:09:48]} 31. Bxe1 {[%clk 0:00:30]}  Qb2 {[%clk 0:09:25]} 32. a4 {[%clk 0:00:27]}  Be2 {[%clk 0:09:22]} 33. Qf2 {[%clk 0:00:05]}  Rc8 {[%clk 0:08:08]} 34. Nd4 {[%clk 0:00:08]}  f6 {[%clk 0:07:50]} 35. Kh2 {[%clk 0:00:08]}  Qa2 {[%clk 0:07:49]} 36. Qxe2 {[%clk 0:00:08]}  Qxe2 {[%clk 0:07:44]} 37. Nxe2 {[%clk 0:00:12]}  Rc4 {[%clk 0:07:44]} 38. Kg3 {[%clk 0:00:07]}  Rxa4 {[%clk 0:07:43]} 39. Nc1 {[%clk 0:00:07]}  e5 {[%clk 0:07:27]} 40. fxe5 {[%clk 0:00:09]}  fxe5 {[%clk 0:07:31]} 41. Bd2 {[%clk 0:00:11]}  Kf7 {[%clk 0:07:21]} 42. Ne2 {[%clk 0:00:06]}  Ra2 {[%clk 0:07:27]} 0-1

[Event "Rapid Tournament (RAP)"]
[Site "Biel, CH"]
[Date "2025.07.13"]
[Round "7"]
[White "Wuerth, Thomas"]
[Black "Birchmeier, Martin"]
[Result "1/2-1/2"]
[Board "38"]
[WhiteFideId "1305379"]
[BlackFideId "1318268"]
[WhiteElo "1954"]
[BlackElo "1779"]
[WhiteTeam "SUI"]
[BlackTeam "SUI"]
[WhiteClock "0:02:25"]
[BlackClock "0:00:00"]
[Variant "Standard"]

1. e4 {[%clk 0:15:06]}  e5 {[%clk 0:15:09]} 2. Nf3 {[%clk 0:15:09]}  Nc6 {[%clk 0:15:13]} 3. Nc3 {[%clk 0:15:13]}  Nf6 {[%clk 0:15:13]} 4. d4 {[%clk 0:15:16]}  exd4 {[%clk 0:15:16]} 5. Nxd4 {[%clk 0:15:20]}  Bb4 {[%clk 0:15:01]} 6. Nxc6 {[%clk 0:15:22]}  Bxc3+ {[%clk 0:14:45]} 7. bxc3 {[%clk 0:15:25]}  dxc6 {[%clk 0:13:56]} 8. Qxd8+ {[%clk 0:14:57]}  Kxd8 {[%clk 0:14:00]} 9. e5 {[%clk 0:11:51]}  Nd5 {[%clk 0:14:03]} 10. c4 {[%clk 0:11:51]}  Nb4 {[%clk 0:13:08]} 11. Bd3 {[%clk 0:11:12]}  c5 {[%clk 0:12:35]} 12. Bg5+ {[%clk 0:10:04]}  Ke8 {[%clk 0:12:39]} 13. a3 {[%clk 0:09:47]}  Nc6 {[%clk 0:12:42]} 14. f4 {[%clk 0:08:27]}  h6 {[%clk 0:11:27]} 15. Bh4 {[%clk 0:08:27]}  b6 {[%clk 0:06:18]} 16. O-O {[%clk 0:06:33]}  Bb7 {[%clk 0:06:18]} 17. Be1 {[%clk 0:05:59]}  Rg8 {[%clk 0:04:14]} 18. Bc3 {[%clk 0:05:57]}  g6 {[%clk 0:04:12]} 19. Rae1 {[%clk 0:05:39]}  Nd4 {[%clk 0:03:44]} 20. Bxd4 {[%clk 0:04:53]}  cxd4 {[%clk 0:03:47]} 21. e6 {[%clk 0:04:58]}  f5 {[%clk 0:02:43]} 22. Re5 {[%clk 0:04:45]}  c5 {[%clk 0:02:00]} 23. h3 {[%clk 0:04:08]}  Rd8 {[%clk 0:01:47]} 24. Rf2 {[%clk 0:02:38]}  Rg7 {[%clk 0:01:48]} 25. h4 {[%clk 0:02:42]}  Rd6 {[%clk 0:01:40]} 26. h5 {[%clk 0:02:45]}  Bc8 {[%clk 0:00:54]} 27. hxg6 {[%clk 0:02:46]}  Rxe6 {[%clk 0:00:57]} 28. Rfe2 {[%clk 0:02:45]}  Rge7 {[%clk 0:00:30]} 29. g7 {[%clk 0:02:28]}  Kf7 {[%clk 0:00:34]} 30. Rxf5+ {[%clk 0:02:22]}  Kxg7 {[%clk 0:00:38]} 31. Rfe5 {[%clk 0:02:22]}  Kf6 {[%clk 0:00:31]} 32. Rxe6+ {[%clk 0:02:22]}  Rxe6 {[%clk 0:00:33]} 33. Rxe6+ {[%clk 0:02:26]}  Bxe6 {[%clk 0:00:37]} 34. Kf2 {[%clk 0:02:30]}  Bf5 {[%clk 0:00:40]} 35. Kf3 {[%clk 0:02:32]}  h5 {[%clk 0:00:39]} 36. g3 {[%clk 0:02:22]}  Bg4+ {[%clk 0:00:43]} 37. Kf2 {[%clk 0:02:25]}  Bf5 {[%clk 0:00:00]} 1/2-1/2

[Event "Rapid Tournament (RAP)"]
[Site "Biel, CH"]
[Date "2025.07.13"]
[Round "7"]
[White "Flueckiger, Roger"]
[Black "Creux, Francois"]
[Result "1-0"]
[Board "39"]
[WhiteFideId "1344862"]
[BlackFideId "1357743"]
[WhiteElo "1937"]
[BlackElo "1762"]
[WhiteTeam "SUI"]
[BlackTeam "SUI"]
[WhiteClock "0:06:52"]
[BlackClock "0:05:32"]
[Variant "Standard"]

1. Nf3 {[%clk 0:14:54]}  d5 {[%clk 0:15:07]} 2. d4 {[%clk 0:14:56]}  Nf6 {[%clk 0:14:53]} 3. c4 {[%clk 0:14:59]}  c6 {[%clk 0:14:48]} 4. Nc3 {[%clk 0:15:02]}  e6 {[%clk 0:14:41]} 5. g3 {[%clk 0:15:03]}  g6 {[%clk 0:14:13]} 6. Bg2 {[%clk 0:15:06]}  Bg7 {[%clk 0:14:16]} 7. O-O {[%clk 0:15:04]}  O-O {[%clk 0:14:19]} 8. b3 {[%clk 0:14:28]}  Re8 {[%clk 0:12:43]} 9. Bf4 {[%clk 0:12:32]}  Nh5 {[%clk 0:12:31]} 10. Bg5 {[%clk 0:12:36]}  f6 {[%clk 0:12:17]} 11. Bd2 {[%clk 0:11:16]}  e5 {[%clk 0:10:37]} 12. cxd5 {[%clk 0:11:45]}  cxd5 {[%clk 0:10:21]} 13. dxe5 {[%clk 0:11:47]}  fxe5 {[%clk 0:10:13]} 14. Bg5 {[%clk 0:11:51]}  Bf6 {[%clk 0:09:24]} 15. Qxd5+ {[%clk 0:11:44]}  Qxd5 {[%clk 0:09:13]} 16. Nxd5 {[%clk 0:11:47]}  Bxg5 {[%clk 0:08:48]} 17. Nxg5 {[%clk 0:11:50]}  Na6 {[%clk 0:08:33]} 18. Ne4 {[%clk 0:11:28]}  Kg7 {[%clk 0:06:32]} 19. Rac1 {[%clk 0:10:12]}  Rb8 {[%clk 0:07:59]} 20. Nc7 {[%clk 0:09:12]}  Re7 {[%clk 0:06:31]} 21. Nxa6 {[%clk 0:07:15]}  bxa6 {[%clk 0:06:35]} 22. Rc5 {[%clk 0:06:57]}  Rb5 {[%clk 0:05:32]} 23. Rxc8 {[%clk 0:06:52]} 1-0

[Event "Rapid Tournament (RAP)"]
[Site "Biel, CH"]
[Date "2025.07.13"]
[Round "7"]
[White "Tcheau, Alain"]
[Black "Parlak, Selahattin"]
[Result "1-0"]
[Board "40"]
[WhiteFideId "1306014"]
[BlackFideId "1338625"]
[WhiteElo "1912"]
[BlackElo "1768"]
[WhiteTeam "SUI"]
[BlackTeam "SUI"]
[WhiteClock "0:01:30"]
[BlackClock "0:07:36"]
[Variant "Standard"]

1. c4 {[%clk 0:15:07]}  e5 {[%clk 0:15:09]} 2. Nc3 {[%clk 0:15:11]}  Nf6 {[%clk 0:15:13]} 3. d3 {[%clk 0:15:15]}  Bb4 {[%clk 0:15:16]} 4. Bd2 {[%clk 0:15:16]}  Nc6 {[%clk 0:15:20]} 5. e3 {[%clk 0:15:19]}  O-O {[%clk 0:15:22]} 6. Nf3 {[%clk 0:15:23]}  d6 {[%clk 0:15:26]} 7. Be2 {[%clk 0:15:25]}  Bd7 {[%clk 0:15:26]} 8. a3 {[%clk 0:15:28]}  Bxc3 {[%clk 0:15:28]} 9. bxc3 {[%clk 0:15:30]}  Ne7 {[%clk 0:15:22]} 10. O-O {[%clk 0:15:31]}  Ng6 {[%clk 0:15:19]} 11. Rb1 {[%clk 0:15:20]}  Bc6 {[%clk 0:15:17]} 12. d4 {[%clk 0:14:47]}  e4 {[%clk 0:14:53]} 13. Ne1 {[%clk 0:14:32]}  d5 {[%clk 0:14:54]} 14. cxd5 {[%clk 0:14:30]}  Nxd5 {[%clk 0:14:11]} 15. c4 {[%clk 0:14:29]}  Nb6 {[%clk 0:13:42]} 16. Bb4 {[%clk 0:13:30]}  Re8 {[%clk 0:13:38]} 17. Qd2 {[%clk 0:12:12]}  Qg5 {[%clk 0:13:29]} 18. g3 {[%clk 0:09:39]}  Nh4 {[%clk 0:11:58]} 19. d5 {[%clk 0:07:44]}  Bd7 {[%clk 0:10:54]} 20. Kh1 {[%clk 0:07:18]}  Bh3 {[%clk 0:10:28]} 21. gxh4 {[%clk 0:08:21]}  Qxh4 {[%clk 0:12:22]} 22. Rg1 {[%clk 0:07:06]}  Qxf2 {[%clk 0:12:14]} 23. Bc3 {[%clk 0:06:49]}  f6 {[%clk 0:12:01]} 24. Rg3 {[%clk 0:05:35]}  Bf1 {[%clk 0:11:29]} 25. Bxf1 {[%clk 0:04:53]}  Qxf1+ {[%clk 0:11:32]} 26. Rg1 {[%clk 0:04:54]}  Qf5 {[%clk 0:11:22]} 27. Qg2 {[%clk 0:04:08]}  Re7 {[%clk 0:11:19]} 28. Nc2 {[%clk 0:03:20]}  Nxc4 {[%clk 0:11:01]} 29. Rbf1 {[%clk 0:02:57]}  Qg6 {[%clk 0:09:59]} 30. Qe2 {[%clk 0:02:43]}  Qh6 {[%clk 0:08:00]} 31. Qxc4 {[%clk 0:02:28]}  Rf7 {[%clk 0:07:57]} 32. d6 {[%clk 0:02:17]}  Kf8 {[%clk 0:07:44]} 33. dxc7 {[%clk 0:02:00]}  Rc8 {[%clk 0:07:48]} 34. Bb4+ {[%clk 0:01:45]}  Kg8 {[%clk 0:07:51]} 35. Bd6 {[%clk 0:01:37]}  g5 {[%clk 0:07:36]} 36. Qe6 {[%clk 0:01:30]} 1-0

[Event "Rapid Tournament (RAP)"]
[Site "Biel, CH"]
[Date "2025.07.13"]
[Round "7"]
[White "Jordan, Theodor"]
[Black "Ye, Zhanting K."]
[Result "1-0"]
[Board "41"]
[WhiteFideId "1353152"]
[BlackFideId "2533235"]
[WhiteElo "1894"]
[BlackElo "1759"]
[WhiteTeam "SUI"]
[BlackTeam "IRL"]
[WhiteClock "0:05:14"]
[BlackClock "0:00:06"]
[Variant "Standard"]

1. e4 {[%clk 0:15:08]}  c5 {[%clk 0:15:08]} 2. Nf3 {[%clk 0:15:11]}  d6 {[%clk 0:15:11]} 3. d4 {[%clk 0:15:15]}  cxd4 {[%clk 0:15:15]} 4. Nxd4 {[%clk 0:15:19]}  Nf6 {[%clk 0:15:18]} 5. Nc3 {[%clk 0:15:23]}  g6 {[%clk 0:15:20]} 6. Be3 {[%clk 0:15:24]}  Bg7 {[%clk 0:15:23]} 7. f3 {[%clk 0:15:23]}  O-O {[%clk 0:15:24]} 8. Qd2 {[%clk 0:15:26]}  Nc6 {[%clk 0:15:27]} 9. Bc4 {[%clk 0:15:29]}  Bd7 {[%clk 0:15:26]} 10. h4 {[%clk 0:15:30]}  Rc8 {[%clk 0:15:19]} 11. Bb3 {[%clk 0:15:34]}  h5 {[%clk 0:15:13]} 12. O-O-O {[%clk 0:15:34]}  Ne5 {[%clk 0:14:56]} 13. Kb1 {[%clk 0:15:35]}  Nc4 {[%clk 0:14:53]} 14. Bxc4 {[%clk 0:15:38]}  Rxc4 {[%clk 0:14:56]} 15. Nb3 {[%clk 0:15:29]}  b5 {[%clk 0:13:31]} 16. Bxa7 {[%clk 0:14:38]}  Qc7 {[%clk 0:12:57]} 17. Bd4 {[%clk 0:14:24]}  Rc8 {[%clk 0:12:49]} 18. Rc1 {[%clk 0:14:12]}  b4 {[%clk 0:10:51]} 19. Nd5 {[%clk 0:13:50]}  Nxd5 {[%clk 0:10:54]} 20. Bxg7 {[%clk 0:12:36]}  Kxg7 {[%clk 0:08:18]} 21. Qxd5 {[%clk 0:12:01]}  Rxc2 {[%clk 0:06:49]} 22. Qd3 {[%clk 0:11:52]}  Rc6 {[%clk 0:06:14]} 23. Rxc6 {[%clk 0:11:50]}  Bxc6 {[%clk 0:05:31]} 24. Qd4+ {[%clk 0:10:50]}  Kg8 {[%clk 0:05:19]} 25. g4 {[%clk 0:09:29]}  Ba4 {[%clk 0:03:40]} 26. Rc1 {[%clk 0:08:04]}  Bc6 {[%clk 0:03:18]} 27. gxh5 {[%clk 0:08:48]}  e5 {[%clk 0:02:45]} 28. Qd2 {[%clk 0:08:38]}  Qb6 {[%clk 0:01:42]} 29. hxg6 {[%clk 0:08:32]}  fxg6 {[%clk 0:01:40]} 30. Rd1 {[%clk 0:06:03]}  Rd8 {[%clk 0:00:14]} 31. h5 {[%clk 0:07:07]}  Kg7 {[%clk 0:00:09]} 32. Qg5 {[%clk 0:06:56]}  Qf2 {[%clk 0:00:07]} 33. Qxd8 {[%clk 0:06:34]}  Qxf3 {[%clk 0:00:07]} 34. Qxd6 {[%clk 0:06:35]}  Bxe4+ {[%clk 0:00:07]} 35. Ka1 {[%clk 0:06:25]}  Bc2 {[%clk 0:00:08]} 36. Rc1 {[%clk 0:05:27]}  Bxb3 {[%clk 0:00:06]} 37. Qxg6+ {[%clk 0:05:14]} 1-0

[Event "Rapid Tournament (RAP)"]
[Site "Biel, CH"]
[Date "2025.07.13"]
[Round "7"]
[White "Avilova, Yulia"]
[Black "Leonov, Leonid"]
[Result "0-1"]
[Board "42"]
[WhiteFideId "34166073"]
[BlackFideId "1698052"]
[WhiteElo "1708"]
[BlackElo "1894"]
[WhiteTeam "SUI"]
[BlackTeam "AUT"]
[WhiteClock "0:00:28"]
[BlackClock "0:04:21"]
[Variant "Standard"]

1. Nf3 {[%clk 0:00:00]}  Nf6 {[%clk 0:14:51]} 2. c4 {[%clk 0:15:12]}  g6 {[%clk 0:14:55]} 3. d4 {[%clk 0:15:16]}  Bg7 {[%clk 0:14:58]} 4. Nc3 {[%clk 0:15:19]}  d6 {[%clk 0:15:01]} 5. e4 {[%clk 0:15:21]}  O-O {[%clk 0:15:03]} 6. Bd3 {[%clk 0:15:24]}  e5 {[%clk 0:14:56]} 7. d5 {[%clk 0:15:27]}  a5 {[%clk 0:14:55]} 8. Be3 {[%clk 0:15:22]}  Na6 {[%clk 0:14:59]} 9. O-O {[%clk 0:15:16]}  Nc5 {[%clk 0:14:50]} 10. Bc2 {[%clk 0:15:19]}  Ne8 {[%clk 0:13:56]} 11. Nd2 {[%clk 0:15:15]}  f5 {[%clk 0:13:53]} 12. f3 {[%clk 0:15:18]}  f4 {[%clk 0:13:47]} 13. Bf2 {[%clk 0:15:21]}  g5 {[%clk 0:13:43]} 14. a3 {[%clk 0:15:14]}  h5 {[%clk 0:13:39]} 15. b4 {[%clk 0:14:56]}  Nd7 {[%clk 0:13:40]} 16. c5 {[%clk 0:14:53]}  Ndf6 {[%clk 0:13:33]} 17. b5 {[%clk 0:14:53]}  dxc5 {[%clk 0:13:30]} 18. Bxc5 {[%clk 0:14:55]}  Nd6 {[%clk 0:13:34]} 19. Bb3 {[%clk 0:14:12]}  b6 {[%clk 0:13:33]} 20. Bf2 {[%clk 0:14:06]}  Bd7 {[%clk 0:13:36]} 21. a4 {[%clk 0:14:04]}  g4 {[%clk 0:13:39]} 22. Nc4 {[%clk 0:13:49]}  Nfe8 {[%clk 0:13:26]} 23. Qe1 {[%clk 0:12:53]}  Nxc4 {[%clk 0:13:22]} 24. Bxc4 {[%clk 0:12:56]}  Nd6 {[%clk 0:13:26]} 25. Bh4 {[%clk 0:12:45]}  Bf6 {[%clk 0:13:27]} 26. Bxf6 {[%clk 0:12:43]}  Rxf6 {[%clk 0:13:30]} 27. Bb3 {[%clk 0:12:44]}  Rg6 {[%clk 0:13:34]} 28. Ne2 {[%clk 0:12:28]}  Qg5 {[%clk 0:12:57]} 29. Qf2 {[%clk 0:08:25]}  gxf3 {[%clk 0:09:39]} 30. Qxf3 {[%clk 0:11:47]}  Bg4 {[%clk 0:09:43]} 31. Qf2 {[%clk 0:11:51]}  Nxe4 {[%clk 0:09:43]} 32. Qe1 {[%clk 0:11:18]}  Bf3 {[%clk 0:08:33]} 33. d6+ {[%clk 0:10:52]}  Kh8 {[%clk 0:08:34]} 34. Ng3 {[%clk 0:05:37]}  fxg3 {[%clk 0:08:30]} 35. h3 {[%clk 0:05:39]}  Nf2 {[%clk 0:05:11]} 36. dxc7 {[%clk 0:04:28]}  Bb7 {[%clk 0:06:12]} 37. Ra2 {[%clk 0:03:10]}  Qf4 {[%clk 0:05:41]} 38. Re2 {[%clk 0:02:50]}  Qd4 {[%clk 0:04:50]} 39. Rxe5 {[%clk 0:00:56]}  Nxh3+ {[%clk 0:04:40]} 40. Kh1 {[%clk 0:00:53]}  Nf2+ {[%clk 0:04:39]} 41. Rxf2 {[%clk 0:00:47]}  Qh4+ {[%clk 0:04:42]} 42. Kg1 {[%clk 0:00:49]}  gxf2+ {[%clk 0:04:24]} 43. Qxf2 {[%clk 0:00:51]}  Rxg2+ {[%clk 0:04:13]} 44. Qxg2 {[%clk 0:00:53]}  Bxg2 {[%clk 0:04:16]} 45. Kxg2 {[%clk 0:00:57]}  Qg4+ {[%clk 0:04:14]} 46. Kh1 {[%clk 0:00:24]}  Qf3+ {[%clk 0:04:17]} 47. Kh2 {[%clk 0:00:27]}  Qf4+ {[%clk 0:04:18]} 48. Kg2 {[%clk 0:00:28]}  Qxe5 {[%clk 0:04:21]} 0-1

[Event "Rapid Tournament (RAP)"]
[Site "Biel, CH"]
[Date "2025.07.13"]
[Round "7"]
[White "Lang, Fabian"]
[Black "Pardoen, Oscar"]
[Result "1-0"]
[Board "43"]
[WhiteFideId "1310160"]
[BlackFideId "282499"]
[WhiteElo "1892"]
[BlackElo "1758"]
[WhiteTeam "SUI"]
[BlackTeam "BEL"]
[WhiteClock "0:01:42"]
[BlackClock "0:01:34"]
[Variant "Standard"]

1. d4 {[%clk 0:15:07]}  d5 {[%clk 0:14:48]} 2. Nf3 {[%clk 0:15:09]}  Nf6 {[%clk 0:14:51]} 3. e3 {[%clk 0:15:12]}  e6 {[%clk 0:14:52]} 4. Bd3 {[%clk 0:15:11]}  c5 {[%clk 0:14:38]} 5. c3 {[%clk 0:15:14]}  Nc6 {[%clk 0:14:35]} 6. Nbd2 {[%clk 0:15:16]}  cxd4 {[%clk 0:14:27]} 7. exd4 {[%clk 0:15:18]}  Bd6 {[%clk 0:14:29]} 8. O-O {[%clk 0:15:12]}  O-O {[%clk 0:14:31]} 9. Re1 {[%clk 0:15:13]}  Qc7 {[%clk 0:14:29]} 10. Qe2 {[%clk 0:12:56]}  Re8 {[%clk 0:14:16]} 11. Ne5 {[%clk 0:12:55]}  Nd7 {[%clk 0:13:55]} 12. Bxh7+ {[%clk 0:12:03]}  Kf8 {[%clk 0:13:17]} 13. Ndf3 {[%clk 0:11:46]}  Ncxe5 {[%clk 0:11:56]} 14. dxe5 {[%clk 0:11:11]}  Be7 {[%clk 0:11:42]} 15. Bc2 {[%clk 0:11:02]}  Qc4 {[%clk 0:10:23]} 16. Qxc4 {[%clk 0:10:09]}  dxc4 {[%clk 0:10:26]} 17. Bg5 {[%clk 0:09:53]}  Bxg5 {[%clk 0:10:03]} 18. Nxg5 {[%clk 0:09:56]}  b5 {[%clk 0:09:24]} 19. Ne4 {[%clk 0:09:19]}  Rd8 {[%clk 0:08:31]} 20. Rad1 {[%clk 0:08:57]}  Bb7 {[%clk 0:08:02]} 21. Nd6 {[%clk 0:08:43]}  Bc6 {[%clk 0:07:58]} 22. f4 {[%clk 0:08:21]}  Nb6 {[%clk 0:07:23]} 23. Rd4 {[%clk 0:07:15]}  a6 {[%clk 0:07:02]} 24. Red1 {[%clk 0:07:01]}  Ke7 {[%clk 0:06:59]} 25. g4 {[%clk 0:05:37]}  f6 {[%clk 0:06:07]} 26. exf6+ {[%clk 0:04:48]}  gxf6 {[%clk 0:06:04]} 27. h4 {[%clk 0:04:41]}  Nd5 {[%clk 0:04:54]} 28. Ne4 {[%clk 0:03:57]}  Ne3 {[%clk 0:04:37]} 29. Rxd8 {[%clk 0:03:11]}  Rxd8 {[%clk 0:04:39]} 30. Rxd8 {[%clk 0:03:10]}  Kxd8 {[%clk 0:04:41]} 31. Bb1 {[%clk 0:02:59]}  Bxe4 {[%clk 0:04:24]} 32. Bxe4 {[%clk 0:03:01]}  Nxg4 {[%clk 0:04:26]} 33. Bb7 {[%clk 0:02:55]}  a5 {[%clk 0:04:20]} 34. Ba6 {[%clk 0:02:57]}  b4 {[%clk 0:04:08]} 35. cxb4 {[%clk 0:02:55]}  axb4 {[%clk 0:04:10]} 36. Bxc4 {[%clk 0:02:58]}  Kd7 {[%clk 0:04:12]} 37. h5 {[%clk 0:02:45]}  e5 {[%clk 0:03:41]} 38. fxe5 {[%clk 0:02:18]}  fxe5 {[%clk 0:03:31]} 39. Be2 {[%clk 0:02:12]}  Nh6 {[%clk 0:03:28]} 40. a4 {[%clk 0:02:05]}  bxa3 {[%clk 0:03:18]} 41. bxa3 {[%clk 0:02:08]}  Kc6 {[%clk 0:03:13]} 42. Kf2 {[%clk 0:02:02]}  Kc5 {[%clk 0:03:08]} 43. Ke3 {[%clk 0:01:57]}  Kb6 {[%clk 0:02:49]} 44. Ke4 {[%clk 0:01:56]}  Ka5 {[%clk 0:02:53]} 45. Bd1 {[%clk 0:01:42]}  Nf7 {[%clk 0:02:44]} 46. Kf5 {[%clk 0:01:43]}  e4 {[%clk 0:02:15]} 47. Kxe4 {[%clk 0:01:44]}  Kb5 {[%clk 0:02:18]} 48. Kf5 {[%clk 0:01:40]}  Kc4 {[%clk 0:01:55]} 49. Kf6 {[%clk 0:01:41]}  Nd8 {[%clk 0:01:34]} 50. h6 {[%clk 0:01:42]} 1-0

[Event "Rapid Tournament (RAP)"]
[Site "Biel, CH"]
[Date "2025.07.13"]
[Round "7"]
[White "Aryan Goyal"]
[Black "Trubini, Timon"]
[Result "1-0"]
[Board "44"]
[WhiteFideId "366108825"]
[BlackFideId "1347799"]
[WhiteElo "1884"]
[BlackElo "1743"]
[WhiteTeam "IND"]
[BlackTeam "SUI"]
[WhiteClock "0:11:40"]
[BlackClock "0:12:22"]
[Variant "Standard"]

1. Nf3 {[%clk 0:15:09]}  Nf6 {[%clk 0:15:09]} 2. c4 {[%clk 0:15:12]}  c5 {[%clk 0:15:06]} 3. g3 {[%clk 0:15:14]}  g6 {[%clk 0:15:17]} 4. b3 {[%clk 0:15:18]}  Bg7 {[%clk 0:15:20]} 5. Bb2 {[%clk 0:15:23]}  O-O {[%clk 0:15:24]} 6. Bg2 {[%clk 0:15:26]}  d5 {[%clk 0:15:07]} 7. cxd5 {[%clk 0:15:15]}  Qxd5 {[%clk 0:15:18]} 8. O-O {[%clk 0:15:09]}  Qd6 {[%clk 0:15:20]} 9. d3 {[%clk 0:14:58]}  Nc6 {[%clk 0:15:14]} 10. Nbd2 {[%clk 0:14:58]}  b5 {[%clk 0:15:14]} 11. Rc1 {[%clk 0:14:36]}  Bb7 {[%clk 0:15:12]} 12. Bxf6 {[%clk 0:13:36]}  Bxf6 {[%clk 0:15:02]} 13. Ne4 {[%clk 0:13:57]}  Qd8 {[%clk 0:14:34]} 14. Nxc5 {[%clk 0:13:27]}  Qc7 {[%clk 0:14:08]} 15. Nxb7 {[%clk 0:13:34]}  Qxb7 {[%clk 0:14:11]} 16. Ne5 {[%clk 0:13:14]}  Bxe5 {[%clk 0:14:00]} 17. Bxc6 {[%clk 0:13:24]}  Qb6 {[%clk 0:13:52]} 18. Bxa8 {[%clk 0:13:23]}  Rxa8 {[%clk 0:14:05]} 19. Qc2 {[%clk 0:13:24]}  h5 {[%clk 0:14:04]} 20. Qc6 {[%clk 0:13:21]}  Qb8 {[%clk 0:13:44]} 21. Rc5 {[%clk 0:12:58]}  a6 {[%clk 0:13:44]} 22. Rfc1 {[%clk 0:12:44]}  Kg7 {[%clk 0:12:22]} 23. Rxe5 {[%clk 0:11:40]} 1-0